Los jovenes en Uruguay: la paradoja de sobrar aunque sean pocos (Registro nro. 208704)

Detalles MARC
001 - NÚMERO DE CONTROL
campo de control 680051
005 - FECHA Y HORA DE LA ÚLTIMA TRANSACCIÓN
campo de control 20240201163937.0
008 - DATOS DE LONGITUD FIJA--INFORMACIÓN GENERAL
campo de control de longitud fija 010810s2000 spa
035 ## - NÚMERO DE CONTROL DEL SISTEMA
Número de control de sistema 680051
035 ## - NÚMERO DE CONTROL DEL SISTEMA
Número de control de sistema (OCoLC)819912502
040 ## - FUENTE DE LA CATALOGACIÓN
Centro/agencia transcriptor comduadb
041 ## - CÓDIGO DE LENGUA
Código de lengua del texto/banda sonora o título independiente spa
100 10 - ENTRADA PRINCIPAL--NOMBRE DE PERSONA
Nombre de persona Rodriguez, Ernesto
Código de función aut
Término indicativo de función/relación Autor/a
9 (RLIN) 277266
245 14 - MENCIÓN DE TÍTULO
Título Los jovenes en Uruguay: la paradoja de sobrar aunque sean pocos
650 ## - PUNTO DE ACCESO ADICIONAL DE MATERIA--TÉRMINO DE MATERIA
Término de materia o nombre geográfico como elemento de entrada Juventud - Uruguay
9 (RLIN) 84707
650 ## - PUNTO DE ACCESO ADICIONAL DE MATERIA--TÉRMINO DE MATERIA
Término de materia o nombre geográfico como elemento de entrada Juventud y política
9 (RLIN) 55161
773 0# - ENLACE AL DOCUMENTO FUENTE/ENTRADA DE REGISTRO ANFITRIÓN
Título Jóvenes : Revista de Estudios sobre Juventud (México)
Parte(s) relacionada(s) Vol. 04, No. 10, Ene.-Mar. 2000, p. 186-202
Número de control del registro 678454
Número Internacional Estándar del Libro 1405406X
Número bibliográfico anfitrión 205516
942 ## - ELEMENTOS DE ENTRADA AGREGADA (KOHA)
Tipo de ítem Koha Artículo de Revista

No hay ítems disponibles.